01150nam a2200313 u 450000100070000000500170000700800410002403500110006504000130007604100080008908200080009710000520010524501260015726000430028330000140032665000240034065000390036465000260040365000410042965000380047065000250050865000410053370000490057494200100062399900190063350200120065252600080066495201640067277796520260506093218.0021003e20020201 ||||||m| spa  a777965 ccomduadb aspa 4a65810aAcevedo Florez, Jaime Alberto4auteaut936539210aDiseno del modelo logistico comercial internacional de saldos, descontinuadas y/o excesos de inventario para Leonisa S.A. aMedellín :b[sin publicador],c2002. a119 hojas aConfecciones965787 aLeonisa (Empresa comercial)958230 aDistribuidores947376 7aLogística empresarial2embne92779 aPolítica de producción951355 7aMercadeo2lemb91171 7aControl de inventarios2lemb919765810aAlvarez Vargas, Jose Dario4auteaut9365393 cTESIS c255012d255012 b193c17 a195 001040708TESISBCaBCbBCd2002-10-03eMaterial adquirido por donacióniC758748l0o658.404 A174p61000004128640r2023-04-24 00:00:00t1w2023-04-24yTESIS